Valle-Inclán: Anatomía de un teatro problemático

Guardado en:
書目詳細資料
主要作者: Greenfield, Summer M.
格式: 圖書
語言:Undetermined
出版: Madrid, España Fundamentos 1972
主題:
標簽: 添加標簽
沒有標簽, 成為第一個標記此記錄!

MARC

LEADER 00000nam a2200000Ia 4500
008 170316s9999 xx 000 0 und d
090 |a 792 G-6v 
100 |a Greenfield, Summer M. 
245 |a Valle-Inclán: Anatomía de un teatro problemático 
260 |a Madrid, España 
260 |b Fundamentos 
260 |c 1972 
300 |a 300 páginas 
650 |a TEATRO 
999 |c 19752  |d 19752 
040 |a cru BVZT 
942 |c 15 D  |h 792 G-6v  |2 z